Things that matter: papers upon subjects which are, or ought to be under discussion (Record no. 374340)
[ view plain ]
| 000 -LEADER | |
|---|---|
| fixed length control field | 00397cam a22001217a 4500 |
| 008 - FIXED-LENGTH DATA ELEMENTS--GENERAL INFORMATION | |
| fixed length control field | 180718b1912 xxu||||| |||| 00| 0 eng d |
| 082 ## - DEWEY DECIMAL CLASSIFICATION NUMBER | |
| Classification number | T19x42 M746 |
| 100 ## - MAIN ENTRY--PERSONAL NAME | |
| Personal name | Money, L.G. Chiozza |
| 245 ## - TITLE STATEMENT | |
| Title | Things that matter: papers upon subjects which are, or ought to be under discussion |
| Statement of responsibility, etc. | by L.G. Chiozza Money |
| 260 ## - PUBLICATION, DISTRIBUTION, ETC. | |
| Place of publication, distribution, etc. | London |
| Name of publisher, distributor, etc. | Methuen |
| Date of publication, distribution, etc. | 1912 |
| 300 ## - PHYSICAL DESCRIPTION | |
| Extent | 299p. |
| 650 ## - SUBJECT ADDED ENTRY--TOPICAL TERM | |
| Topical term or geographic name entry element | UK - Economic Conditions |
No items available.
